000 00328nam a22001457a 4500
008 210312b ||||| |||| 00| 0 eng d
020 _a9780940780866
041 _aeng
080 _a617
082 _a617
100 _a8
101 _aORT
245 _aOrthopedics made Ridiculously Simple
_cOuellette, H
942 _2udc
_cBK
999 _c56551
_d56551